The Motley Fool personal finance workbook : (Record no. 1309)

MARC details
000 -LEADER
fixed length control field 01314cam a22003254a 4500
005 - DATE AND TIME OF LATEST TRANSACTION
control field 20260322212055.0
008 - FIXED-LENGTH DATA ELEMENTS--GENERAL INFORMATION
fixed length control field data
010 ## - LIBRARY OF CONGRESS CONTROL NUMBER
LC control number 2002030675
020 ## - INTERNATIONAL STANDARD BOOK NUMBER
International Standard Book Number 0743229975
020 ## - INTERNATIONAL STANDARD BOOK NUMBER
International Standard Book Number 9780743229975
040 ## - CATALOGING SOURCE
Original cataloging agency DLC
Transcribing agency DLC
Modifying agency DLC
042 ## - AUTHENTICATION CODE
Authentication code pcc
050 00 - LIBRARY OF CONGRESS CALL NUMBER
Classification number HG179
Item number .G317 2003
082 00 - DEWEY DECIMAL CLASSIFICATION NUMBER
Classification number 332.024/01
Edition information 21
092 ## - LOCALLY ASSIGNED DEWEY CALL NUMBER (OCLC)
Classification number 332.02 G317 2003
001 - CONTROL NUMBER
control field data
100 1# - MAIN ENTRY--PERSONAL NAME
Personal name Gardner, David,
Dates associated with a name 1966-
245 14 - TITLE STATEMENT
Title The Motley Fool personal finance workbook :
Remainder of title a foolproof guide to organizing your cash and building wealth /
Statement of responsibility, etc. David Gardner, Tom Gardner & Motley Fool, Inc.
246 30 - VARYING FORM OF TITLE
Title proper/short title Personal finance workbook :
Remainder of title a foolproof guide to organizing your cash and building wealth
260 ## - PUBLICATION, DISTRIBUTION, ETC.
Place of publication, distribution, etc. New York :
Name of publisher, distributor, etc. Fireside Book,
Date of publication, distribution, etc. c2003.
300 ## - PHYSICAL DESCRIPTION
Extent xiii, 236 p. :
Other physical details ill. ;
Dimensions 28 cm.
500 ## - GENERAL NOTE
General note Includes index.
650 #0 - SUBJECT ADDED ENTRY--TOPICAL TERM
Topical term or geographic name entry element Finance, Personal.
700 1# - ADDED ENTRY--PERSONAL NAME
Personal name Gardner, Tom,
Dates associated with a name 1968-
710 2# - ADDED ENTRY--CORPORATE NAME
Corporate name or jurisdiction name as entry element Motley Fool, Inc.
856 42 - ELECTRONIC LOCATION AND ACCESS
Materials specified Contributor biographical information
Uniform Resource Identifier <a href="http://www.loc.gov/catdir/bios/simon053/2002030675.html">http://www.loc.gov/catdir/bios/simon053/2002030675.html</a>
856 42 - ELECTRONIC LOCATION AND ACCESS
Materials specified Publisher description
Uniform Resource Identifier <a href="http://www.loc.gov/catdir/description/simon034/2002030675.html">http://www.loc.gov/catdir/description/simon034/2002030675.html</a>
856 41 - ELECTRONIC LOCATION AND ACCESS
Materials specified Table of contents only
Uniform Resource Identifier <a href="http://www.loc.gov/catdir/enhancements/fy0630/2002030675-t.html">http://www.loc.gov/catdir/enhancements/fy0630/2002030675-t.html</a>
856 41 - ELECTRONIC LOCATION AND ACCESS
Materials specified Sample text
Uniform Resource Identifier <a href="http://www.loc.gov/catdir/enhancements/fy0640/2002030675-s.html">http://www.loc.gov/catdir/enhancements/fy0640/2002030675-s.html</a>
Holdings
Withdrawn status Lost status Damaged status Not for loan Home library Current library Shelving location Date acquired Total checkouts Full call number Barcode Date last seen Price effective from Koha item type
        Franklin Franklin General stacks 22/03/2026   332.024/01 21 BC0011352 22/03/2026 22/03/2026 Books